00651nam a2200205 i 450000100060000000300090000600500170001500700030003200800410003511000910007624500420016726000490020930000210025849000200027960000480029971000300034783000200037785200240039785200240042185024ES-MaACL20231226211011.0t|041124s1961 sp ||||1| spa d2 aMovimiento Nacional (España). bDelegación Nacional de Prensa, Propaganda y Radio.10aJosé Antonio en el nuevo horizonte. aMadrid : bEdiciones del Movimiento, c1961. a48 p. ; c22 cm.1 aNuevo horizonte14aPrimo de Rivera, José Antonio,d1903-19362 aEdiciones del Movimiento.1 aNuevo horizonte4 aES-MaACLj2035-F-264 aES-MaACLj2061-F-17